<?xml version="1.0" encoding="UTF-8"?>
<record
    xmlns:xsi="http://www.w3.org/2001/XMLSchema-instance"
    xsi:schemaLocation="http://www.loc.gov/MARC21/slim http://www.loc.gov/standards/marcxml/schema/MARC21slim.xsd"
    xmlns="http://www.loc.gov/MARC21/slim">

  <leader>00774cam a2200229ua 4500</leader>
  <controlfield tag="001">25009</controlfield>
  <controlfield tag="008">191104n        II  |||gr||||Z||||||eng</controlfield>
  <datafield tag="082" ind1=" " ind2=" ">
    <subfield code="a">089.9145</subfield>
  </datafield>
  <datafield tag="245" ind1=" " ind2=" ">
    <subfield code="a">LAKSHMINATH BEZBARUAH</subfield>
    <subfield code="h">Textual Documents</subfield>
  </datafield>
  <datafield tag="250" ind1=" " ind2=" ">
    <subfield code="a">1ST.</subfield>
  </datafield>
  <datafield tag="260" ind1=" " ind2=" ">
    <subfield code="a">GUWAHATI:</subfield>
    <subfield code="b">PERFECT IMAGERS,</subfield>
    <subfield code="c">2014.</subfield>
  </datafield>
  <datafield tag="300" ind1=" " ind2=" ">
    <subfield code="a">263:</subfield>
    <subfield code="c">20CM.</subfield>
  </datafield>
  <datafield tag="500" ind1=" " ind2=" ">
    <subfield code="a">GUWAHATI BOOK FAIR , 2017</subfield>
  </datafield>
  <datafield tag="653" ind1=" " ind2=" ">
    <subfield code="a">Complete Works</subfield>
  </datafield>
  <datafield tag="700" ind1=" " ind2=" ">
    <subfield code="a">SARMAH, MADAN,M.,</subfield>
    <subfield code="e">EDITOR.</subfield>
  </datafield>
  <datafield tag="700" ind1=" " ind2=" ">
    <subfield code="a">NATH, DEBASHI P.,  </subfield>
    <subfield code="e">EDITOR.</subfield>
  </datafield>
  <datafield tag="999" ind1=" " ind2=" ">
    <subfield code="c">28256</subfield>
    <subfield code="d">28256</subfield>
  </datafield>
  <datafield tag="952" ind1=" " ind2=" ">
    <subfield code="0">0</subfield>
    <subfield code="1">0</subfield>
    <subfield code="2">ddc</subfield>
    <subfield code="4">0</subfield>
    <subfield code="7">0</subfield>
    <subfield code="8">REFASM</subfield>
    <subfield code="a">MAIN</subfield>
    <subfield code="b">MAIN</subfield>
    <subfield code="c">SAN</subfield>
    <subfield code="d">2018-01-08</subfield>
    <subfield code="e">OLIMPIA PRAKASHAN GHY</subfield>
    <subfield code="g">350.00</subfield>
    <subfield code="o">089.9145 LAK</subfield>
    <subfield code="p">42902</subfield>
    <subfield code="r">2022-08-04 00:00:00</subfield>
    <subfield code="w">2022-08-04</subfield>
    <subfield code="y">BK</subfield>
    <subfield code="z">V</subfield>
  </datafield>
  <datafield tag="952" ind1=" " ind2=" ">
    <subfield code="0">0</subfield>
    <subfield code="1">0</subfield>
    <subfield code="2">ddc</subfield>
    <subfield code="4">0</subfield>
    <subfield code="7">0</subfield>
    <subfield code="8">REFASM</subfield>
    <subfield code="a">MAIN</subfield>
    <subfield code="b">MAIN</subfield>
    <subfield code="c">SAN</subfield>
    <subfield code="d">2018-01-08</subfield>
    <subfield code="e">OLIMPIA PRAKASHAN GHY</subfield>
    <subfield code="g">350.00</subfield>
    <subfield code="o">089.9145 LAK</subfield>
    <subfield code="p">42903</subfield>
    <subfield code="r">2022-08-04 00:00:00</subfield>
    <subfield code="w">2022-08-04</subfield>
    <subfield code="y">BK</subfield>
    <subfield code="z">V</subfield>
  </datafield>
  <datafield tag="952" ind1=" " ind2=" ">
    <subfield code="0">0</subfield>
    <subfield code="1">0</subfield>
    <subfield code="2">ddc</subfield>
    <subfield code="4">0</subfield>
    <subfield code="7">0</subfield>
    <subfield code="8">REFASM</subfield>
    <subfield code="a">MAIN</subfield>
    <subfield code="b">MAIN</subfield>
    <subfield code="c">SAN</subfield>
    <subfield code="d">2018-01-08</subfield>
    <subfield code="e">OLIMPIA PRAKASHAN GHY</subfield>
    <subfield code="g">350.00</subfield>
    <subfield code="o">089.9145 LAK</subfield>
    <subfield code="p">42904</subfield>
    <subfield code="r">2022-08-04 00:00:00</subfield>
    <subfield code="w">2022-08-04</subfield>
    <subfield code="y">BK</subfield>
    <subfield code="z">V</subfield>
  </datafield>
  <datafield tag="952" ind1=" " ind2=" ">
    <subfield code="0">0</subfield>
    <subfield code="1">0</subfield>
    <subfield code="2">ddc</subfield>
    <subfield code="4">0</subfield>
    <subfield code="7">0</subfield>
    <subfield code="8">REFASM</subfield>
    <subfield code="a">MAIN</subfield>
    <subfield code="b">MAIN</subfield>
    <subfield code="c">SAN</subfield>
    <subfield code="d">2018-01-08</subfield>
    <subfield code="e">OLIMPIA PRAKASHAN GHY</subfield>
    <subfield code="g">350.00</subfield>
    <subfield code="o">089.9145 LAK</subfield>
    <subfield code="p">42905</subfield>
    <subfield code="r">2022-08-04 00:00:00</subfield>
    <subfield code="w">2022-08-04</subfield>
    <subfield code="y">BK</subfield>
    <subfield code="z">V</subfield>
  </datafield>
  <datafield tag="952" ind1=" " ind2=" ">
    <subfield code="0">0</subfield>
    <subfield code="1">0</subfield>
    <subfield code="2">ddc</subfield>
    <subfield code="4">0</subfield>
    <subfield code="7">0</subfield>
    <subfield code="8">REFASM</subfield>
    <subfield code="a">MAIN</subfield>
    <subfield code="b">MAIN</subfield>
    <subfield code="c">SAN</subfield>
    <subfield code="d">2018-01-08</subfield>
    <subfield code="e">OLIMPIA PRAKASHAN GHY</subfield>
    <subfield code="g">350.00</subfield>
    <subfield code="o">089.9145 LAK</subfield>
    <subfield code="p">42906</subfield>
    <subfield code="r">2022-08-04 00:00:00</subfield>
    <subfield code="w">2022-08-04</subfield>
    <subfield code="y">BK</subfield>
    <subfield code="z">V</subfield>
  </datafield>
</record>
